Hydrology and management of watersheds
I tiakina i:
| Kaituhi matua: | |
|---|---|
| Ētahi atu kaituhi: | , |
| Hōputu: | Tē mōhiotia |
| Reo: | Ingarihi |
| I whakaputaina: |
New Jersey, USA.
Wiley-Blackwell,
2012
|
| Putanga: | Fourth Edition |
| Ngā marau: | |
| Ngā Tūtohu: |
Tāpirihia he Tūtohu
Kāore He Tūtohu, Me noho koe te mea tuatahi ki te tūtohu i tēnei pūkete!
|
MARC
| LEADER | 00000 a2200000 4500 | ||
|---|---|---|---|
| 003 | CL-VaPUC | ||
| 005 | 20230623074111.0 | ||
| 008 | 200313b ||||| |||| 00| 0 eng d | ||
| 999 | |c 416868 |d 416866 | ||
| 020 | |a 9780470963050 | ||
| 040 | |c Pontificia Universidad Católica de Valparaíso | ||
| 082 | 0 | 4 | |a 551.48 BRO 2012 |
| 100 | |a Brooks, Kenneth N. |9 719903 | ||
| 245 | 1 | 0 | |a Hydrology and management of watersheds |
| 250 | |a Fourth Edition | ||
| 260 | |a New Jersey, USA. |b Wiley-Blackwell, |c 2012 | ||
| 300 | |a 533 páginas | ||
| 583 | |k Cristina Rojas |c 20200313 | ||
| 650 | 0 | 0 | |a Hidrología |9 261396 |
| 650 | 0 | 0 | |a Cuencas hidrográficas |9 366259 |
| 650 | 0 | 0 | |a Agua |9 257149 |
| 700 | |a Ffolliott, Peter F. |9 737588 | ||
| 700 | |a Magner, Joseph A. |9 737589 | ||
| 942 | |2 ddc |c BK | ||
| 952 | |0 0 |1 0 |2 ddc |4 0 |6 551_480000000000000_BRO_2012 |7 0 |9 561553 |a BIBAGR |b BIBAGR |d 2020-03-12 |e 1 |g 96613.00 |i 5574129 |o 551.48 BRO 2012 |p 5574129 |r 2025-01-20 |t 1 |v 96613.00 |w 2020-03-12 |y BK |k AGR | ||